00576cam a2200193 a 450000500170000000800410001704100080005808000100006610000300007624500570010625000140016326000510017730000260022850000270025450000200028150400300030165000270033165000240035820131010053930.0880422s1973 nyu b 001 0 eng d0 aeng a159.91 aFromm, Erich,d1900-1980.14aThe anatomy of human destructiveness /cErich Fromm. a[1st ed.] aNew York :bHolt, Rinehart and Winston,c1973. axvi, 521 p. ;c24 cm. aPreface f. : XI - XIII aIncludes index. aBibliography: p. 479-498. 02Psikologjia gjenetike  02Psikologjia sociale